Statistics for The Mandalorian Guest Stars

Click here to take the quiz!

General Stats

  • This quiz has been taken 65 times
    (8 since last reset)
  • The average score is 9 of 40

Answer Stats

ActorCharacterSeason 1Season 2Season 3% Correct
Carl WeathersGreef Karga1, 3, 6,
7, 8
1217, 21, 23, 24
83%
Rosario DawsonAhsoka Tano13
67%
Nick NolteKuiil1, 2, 7
67%
Mark HamillLuke Skywalker16
67%
Giancarlo EspositoMoff Gideon7, 811, 12, 14,
15, 16
23, 24
67%
Werner HerzogThe Client1, 3, 7
67%
Temuera MorrisonBoba Fett9, 14, 15, 16
50%
Ming-Na WenFennec Shand514, 15, 16
50%
Bill BurrMigs Mayfeld615
50%
Katee SackhoffBo-Katan Kryze11, 16lead role
33%
Clancy BrownBurg6
33%
Gina CaranoCara Dune4, 7, 812, 14, 15, 16
33%
Taika WaititiIG-111, 7, 8
33%
Diana Lee InosantoMorgan Elsbeth13
33%
Simon KassianidesAxe Woves1122, 23, 24
17%
Jack BlackCaptain Bombardier22
17%
Paul Sun-Hyung LeeCapt. Carson Tevanot credited as
co-star
21, 24
17%
Timothy OlyphantCobb Vanth9
17%
Tim MeadowsColonel Tuttle21
17%
Omid AbtahiDr. Penn Pershing1, 312, 1619
17%
Ahmed BestKelleran Beq20
17%
Christopher LloydCommissioner Helgait22
0%
Brendan Wayne /
Lateef Crowder
Din Djarin
(on-set body doubles)
not credited as co-starsnot credited as co-stars17, 18, 19, 20,
21, 22, 23, 24
0%
Katy O'BrianElia Kanenot credited as
co-star
19, 21, 23
0%
Misty RosasFrog Lady10, 11
0%
John LeguizamoGor Koresh9
0%
Titus WelliverImperial Captain11
0%
Mercedes VarnadoKoska Reeves11, 1622, 23, 24
0%
Michael BiehnLang13
0%
Horatio SanzMythrol12
0%
Tait FletcherPaz Viszlanot credited as co-starnot credited as co-star23
0%
Amy SedarisPeli Motto59, 1018
0%
Richard AyoadeQ9-0610
0%
Ismael Cruz CordovaQin6
0%
Mark Boone, Jr.Ranzar "Ran" Malk6
0%
Emily SwallowThe Armorer817, 19, 20, 21,
23, 24
0%
LizzoThe Duchess22
0%
Jake CannavaleToro Calican5
0%
Richard BrakeValin Hess15
0%
Natalia TenaXi'an6
0%

Score Distribution

Percentile by Number Answered

Percent of People with Each Score

Your Score History

You have not taken this quiz since the last reset